[Event "GRE-ch U10"]
[Site "Niforeika"]
[Date "2000.04.25"]
[Round "5.2"]
[White "Soulis, Petros"]
[Black "Iskos, Alexandros"]
[Result "0-1"]
[WhiteElo "1445"]
[BlackElo "1540"]
[PlyCount "72"]
[EventDate "2000.??.??"]
[EventType "swiss"]
[EventRounds "7"]
[EventCountry "GRE"]
[SourceTitle "EXT 2004"]
[Source "ChessBase"]
[SourceDate "2003.11.25"]
[SourceVersion "1"]
[SourceVersionDate "2003.11.25"]
[SourceQuality "1"]

1. e4 c5 2. Nf3 e6 3. d4 cxd4 4. Nxd4 Nc6 5. Nc3 Nf6 6. Nxc6 bxc6 7. e5 Nd5 8. Nxd5 cxd5 9. c4 dxc4 10. Bxc4 Qa5+ 11. Bd2 Qxe5+ 12. Be3 Qxb2 13. Rb1 Qc3+ 14. Qd2 Qxc4 15. Rc1 Qe4 16. 0-0 Bb7 17. f3 Qd5 18. Bd4 Be7 19. Rc2 0-0 20. Qf2 a6 21. Rd2 Qa5 22. Qg3 Qg5 23. Qf2 Rac8 24. Rb1 Bc6 25. Be3 Qe5 26. Bd4 Qc7 27. Bb6 Qb7 28. Rbd1 Bd8 29. Bc5 Re8 30. Qg3 Bb6 31. Rb2 Bxc5+ 32. Rf2 Bxf2+ 33. Qxf2 Rb8 34. Qg3 Qb6+ 35. Kf1 Bb5+ 36. Ke1 Qe3# 0-1